Zephir 3 Haut, Fleisch und Farbe : Körperlichkeit und Materialität in den Gemälden Tizians / Daniela Bohde
Gespeichert in:
| VerfasserIn: | |
|---|---|
| Mitwirkende: | |
| Dokumenttyp: | Hochschulschrift Online-Ressource Buch |
| Sprache: | German |
| Veröffentlicht: |
Emsdetten
: Ed. Imorde
, 2002
|
| Schlagwörter: | |
| Online Zugang: | kostenfrei Rezension |
| Bibliogr. Hinweis: | Erscheint auch als:
Haut, Fleisch und Farbe Rezensiert in: [Rezension von: Daniela Bohde, Haut, Fleisch und Farbe] |
| LEADER | 04068cam a2200709 cc4500 | ||
|---|---|---|---|
| 001 | 1479870269 | ||
| 003 | DE-627 | ||
| 005 | 20260225222907.0 | ||
| 007 | cr cn 008aaaaa | ||
| 008 | 140721s2002 xx |||||om 00| ||ger c | ||
| 024 | 7 | |a urn:nbn:de:bsz:16-diglit-232166 |2 urn | |
| 024 | 7 | |a 10.11588/diglit.23216 |2 doi | |
| 035 | |a (DE-627)1479870269 | ||
| 035 | |a (DE-576)409870269 | ||
| 035 | |a (DE-599)BSZ409870269 | ||
| 035 | |a (OCoLC)845510751 | ||
| 035 | |a (OCoLC)845510751 | ||
| 040 | |a DE-627 |b ger |c DE-627 |e rakwb | ||
| 041 | |a ger | ||
| 082 | 0 | |a 759.5 | |
| 084 | |a 9,10 |2 ssgn | ||
| 084 | |a LI 89556 |2 rvk |0 (DE-625)rvk/97277:13284 | ||
| 084 | |a LI 89553 |2 rvk |0 (DE-625)rvk/97277:13281 | ||
| 084 | |a 20.31 |2 bkl | ||
| 100 | 1 | |a Bohde, Daniela |d 1964- |0 (DE-588)123818133 |0 (DE-627)532148975 |0 (DE-576)185443885 |4 aut | |
| 245 | 1 | 0 | |a Zephir |n 3 |p Haut, Fleisch und Farbe : Körperlichkeit und Materialität in den Gemälden Tizians / Daniela Bohde |
| 264 | 1 | |a Emsdetten |b Ed. Imorde |c 2002 | |
| 300 | |a 547 S. |b Ill. | ||
| 336 | |a Text |b txt |2 rdacontent | ||
| 337 | |a Computermedien |b c |2 rdamedia | ||
| 338 | |a Online-Ressource |b cr |2 rdacarrier | ||
| 502 | |a Zugl.: Hamburg, Univ., Diss., 1999 | ||
| 533 | |a Online-Ausg. |b Heidelberg |c Univ.-Bibl. |d 2014 |e Online-Ressource |f Heidelberger historische Bestände - digital |7 |2014|||||||||| | ||
| 535 | 1 | |a Universitätsbibliothek Heidelberg |3 2002 A 8632 | |
| 583 | 1 | |a Archivierung/Langzeitarchivierung gewährleistet |x XA-DE-BW |2 pdager |5 DE-16 | |
| 655 | 7 | |a Hochschulschrift |0 (DE-588)4113937-9 |0 (DE-627)105825778 |0 (DE-576)209480580 |2 gnd-content | |
| 689 | 0 | 0 | |d p |0 (DE-588)118622994 |0 (DE-627)133455408 |0 (DE-576)163323321 |a Vecellio, Tiziano |d 1490-1576 |2 gnd |
| 689 | 0 | 1 | |d s |0 (DE-588)4037220-0 |0 (DE-627)10623871X |0 (DE-576)209022892 |a Malerei |2 gnd |
| 689 | 0 | 2 | |d s |0 (DE-588)4374361-4 |0 (DE-627)184287561 |0 (DE-576)211767603 |a Leiblichkeit |g Motiv |2 gnd |
| 689 | 0 | 3 | |d s |0 (DE-588)4512697-5 |0 (DE-627)248393774 |0 (DE-576)213207214 |a Materialität |2 gnd |
| 689 | 0 | |5 (DE-627) | |
| 700 | 1 | |a Vecellio, Tiziano |d 1490-1576 |e Ill. |0 (DE-588)118622994 |0 (DE-627)133455408 |0 (DE-576)163323321 |4 ill | |
| 751 | |a Hamburg |0 (DE-588)4023118-5 |0 (DE-627)106305433 |0 (DE-576)20894754X |4 uvp | ||
| 773 | 1 | 8 | |w (DE-627)501766243 |w (DE-576)095849661 |w (DE-600)2207919-1 |g 3 |q 3,onl |7 nnas |
| 776 | 0 | 8 | |i Erscheint auch als |n Druck-Ausgabe |a Bohde, Daniela, 1964 - |t Haut, Fleisch und Farbe |d Emsdetten [u.a.] : Ed. Imorde, 2002 |h 547 S. |w (DE-627)348870086 |w (DE-576)10036876X |z 3980564495 |
| 787 | 0 | 8 | |i Rezensiert in |a Pozsgai, Mathias |t [Rezension von: Daniela Bohde, Haut, Fleisch und Farbe] |d 2002 |w (DE-627)192083351X |
| 856 | 4 | 0 | |u http://digi.ub.uni-heidelberg.de/diglit/bohde2002 |x Digitalisierung |x Langzeitarchivierung |z kostenfrei |3 Volltext |7 0 |
| 856 | 4 | 2 | |u https://swbplus.bsz-bw.de/bsz10036876xrez.htm |m V:DE-576 |v 2005-08-10 |3 Rezension |7 1 |
| 935 | |h SWB |i ld | ||
| 936 | r | v | |a LI 89556 |b der Künstler als Maler |k Kunstgeschichte |k Künstler-Monografien |k Alphabetische Künstlerliste |k Künstler T |k Tiziano Vecellio (bis 89560) |k der Künstler als Maler |0 (DE-627)1271712946 |0 (DE-625)rvk/97277:13284 |0 (DE-576)201712946 |
| 936 | r | v | |a LI 89553 |b Abbildungswerke und Monographien zu einem Thema (sofern hierzu Werke des Künstlers aus zwei oder mehr Kunstgattungen - z.B. Plastik und Malerei - vorliegen) |k Kunstgeschichte |k Künstler-Monografien |k Alphabetische Künstlerliste |k Künstler T |k Tiziano Vecellio (bis 89560) |k Abbildungswerke und Monographien zu einem Thema (sofern hierzu Werke des Künstlers aus zwei oder mehr Kunstgattungen - z.B. Plastik und Malerei - vorliegen) |0 (DE-627)1271874180 |0 (DE-625)rvk/97277:13281 |0 (DE-576)201874180 |
| 936 | b | k | |a 20.31 |j Bildende Künstler |q SEPA |0 (DE-627)181571080 |
| 936 | s | n | |a l300 |2 mzub |
| 936 | s | n | |a c100 |2 mzub |
| 951 | |a MV | ||
| 994 | |u https://digi.ub.uni-heidelberg.de/diglit/bohde2002/download.pdf | ||
| 990 | |a Vecellio, Tiziano | ||
| 990 | |a Malerei | ||
| 990 | |a Leiblichkeit | ||
| 990 | |a Materialität | ||
| 991 | |a Rezensiertes Werk | ||
| 999 | |a KXP-PPN1479870269 |e 4949259474 | ||


